| 000 | 01526nam a22003017a 4500 | ||
|---|---|---|---|
| 999 |
_c22082 _d22082 |
||
| 003 | AR-CdUCM | ||
| 008 | 190425b ||||| |||| 00| 0 spa d | ||
| 040 |
_aMUNICIPALIDAD PROVINCIAL DEL CUSCO _cBIBLIOTECA MUNICIPAL DEL CUSCO |
||
| 082 | _aParlante/N°69/1999 | ||
| 110 |
_aCentro Guamán Poma de Ayala _920511 |
||
| 245 |
_aParlante : _bRevista del Cusco / |
||
| 260 |
_aCusco : _bCentro de Educación y Comunicación Guamán Poma de Ayala, _c1999. |
||
| 300 |
_a40 páginas. : _bilustraciones ; _c30 cm. |
||
| 440 |
_aParlante revista del Cusco. _nAño 15, N°69, octubre1999. _947386 |
||
| 505 | _aContenido: ¿Monopolio?. -- Encuesta intención en Cusco. -- Oleada descentralista. -- El monopolio y la conservación de Machupicchu. -- Programa mi vivienda. -- Desarrollo humano reporte 1999. -- Protección y fomento de la salud humana. -- Solución de las aguas servidas en el Cusco. -- Inauguración del desagüe integral en la Margen Derecha del río Huatanay. -- Jornadas andinas de la literatura latinoamericana. -- Los paqos o el haywarisqa a la Pachamama. | ||
| 650 |
_aUrbanismo _94748 |
||
| 650 |
_aPlanificación urbana _945230 |
||
| 650 |
_aDesarrollo urbano _914520 |
||
| 650 |
_aPolítica cusqueña _947381 |
||
| 650 |
_aMedio Ambiente _947382 |
||
| 650 |
_aGobiernos locales _98462 |
||
| 650 |
_aLiteratura cusqueña _947387 |
||
| 700 |
_aNieto Degregori, Luis _96534 |
||
| 700 |
_aFlores Nájar, Eldi _932094 |
||
| 710 |
_aCentro Guamán Poma de Ayala _920511 |
||
| 942 |
_2ddc _cPP |
||
| 945 | _arac | ||